Intensive use of energy resources regarding sustainable cities; IOP Conference Series: Earth and Environmental Science; Vol. 27 : Problems of Geology and Subsurface Development
| Parent link: | IOP Conference Series: Earth and Environmental Science Vol. 27 : Problems of Geology and Subsurface Development.— 2015.— [012071, 4 p.] |
|---|---|
| Corporate Authors: | , |
| Other Authors: | , , , |
| Summary: | Title screen Intensive development of cities being a factor of fuel-power complex (FPC) development increases the load on its capacity. This has the negative impact on human health and capacity to work. Therefore, it is important to integrate environmental and recreation components into the urban area through designing the system "production-ecology-recreation" and thus ensuring sustainable development of the city. Режим доступа: по договору с организацией-держателем ресурса |
| Language: | English |
| Published: |
2015
|
| Series: | Petroleum Engineering Economics. Mining Law |
| Subjects: | |
| Online Access: | http://dx.doi.org/10.1088/1755-1315/27/1/012071 http://earchive.tpu.ru/handle/11683/19972 |
| Format: | MixedMaterials Electronic Book Chapter |
| KOHA link: | https://koha.lib.tpu.ru/cgi-bin/koha/opac-detail.pl?biblionumber=645169 |
MARC
| LEADER | 00000nla2a2200000 4500 | ||
|---|---|---|---|
| 001 | 645169 | ||
| 005 | 20240206103932.0 | ||
| 035 | |a (RuTPU)RU\TPU\network\10253 | ||
| 035 | |a RU\TPU\network\10251 | ||
| 090 | |a 645169 | ||
| 100 | |a 20151211a2015 k y0engy50 ba | ||
| 101 | 0 | |a eng | |
| 105 | |a y z 100zy | ||
| 135 | |a drgn ---uucaa | ||
| 181 | 0 | |a i | |
| 182 | 0 | |a b | |
| 200 | 1 | |a Intensive use of energy resources regarding sustainable cities |f E. G. Matyugina [et al.] | |
| 203 | |a Text |c electronic | ||
| 225 | 1 | |a Petroleum Engineering Economics. Mining Law | |
| 300 | |a Title screen | ||
| 320 | |a [References: 13 tit.] | ||
| 330 | |a Intensive development of cities being a factor of fuel-power complex (FPC) development increases the load on its capacity. This has the negative impact on human health and capacity to work. Therefore, it is important to integrate environmental and recreation components into the urban area through designing the system "production-ecology-recreation" and thus ensuring sustainable development of the city. | ||
| 333 | |a Режим доступа: по договору с организацией-держателем ресурса | ||
| 461 | 0 | |0 (RuTPU)RU\TPU\network\2499 |t IOP Conference Series: Earth and Environmental Science | |
| 463 | 0 | |0 (RuTPU)RU\TPU\network\10088 |t Vol. 27 : Problems of Geology and Subsurface Development |o XIX International Scientific Symposium in honor of Academician M. A. Usov, 6–10 April 2015, Tomsk, Russia |v [012071, 4 p.] |d 2015 | |
| 610 | 1 | |a электронный ресурс | |
| 610 | 1 | |a труды учёных ТПУ | |
| 610 | 1 | |a энергетические рынки | |
| 610 | 1 | |a устойчивое развитие | |
| 610 | 1 | |a города | |
| 610 | 1 | |a топливно-энергетический комплекс | |
| 701 | 1 | |a Matyugina |b E. G. |c economist |c Professor of Tomsk Polytechnic University, doctor of economic sciences |f 1971- |g Eleonora Grigorievna |3 (RuTPU)RU\TPU\pers\35836 | |
| 701 | 1 | |a Pozharnitskaya |b O. V. |c economist |c Associate Professor of Tomsk Polytechnic University, Candidate of economic sciences |f 1972- |g Olga Vyacheslavovna |3 (RuTPU)RU\TPU\pers\34018 | |
| 701 | 1 | |a Petrova |b K. O. | |
| 701 | 1 | |a Strelnikova |b A. B. |c linguist |c Associate Professor of Tomsk Polytechnic University, Candidate of philological sciences |f 1981- |g Anna Borisovna |3 (RuTPU)RU\TPU\pers\32380 |9 16333 | |
| 712 | 0 | 2 | |a Национальный исследовательский Томский политехнический университет (ТПУ) |b Институт природных ресурсов (ИПР) |b Кафедра иностранных языков (ИЯПР) |3 (RuTPU)RU\TPU\col\18662 |
| 712 | 0 | 2 | |a Национальный исследовательский Томский политехнический университет (ТПУ) |b Институт природных ресурсов (ИПР) |b Кафедра экономики природных ресурсов (ЭПР) |3 (RuTPU)RU\TPU\col\18668 |
| 801 | 2 | |a RU |b 63413507 |c 20161121 |g RCR | |
| 856 | 4 | |u http://dx.doi.org/10.1088/1755-1315/27/1/012071 | |
| 856 | 4 | |u http://earchive.tpu.ru/handle/11683/19972 | |
| 942 | |c CF | ||